00439 2200169 4500001002100000005001500021035002000036007000300056008004100059020002200100082001100122084001700133100002200150245003100172260003100203300003500234INLIS00000000000032320260115015012 a0010-0126000016ta260115 0 ind  a978-623-522-646-0 a658.84 a658.84 PUS d0 aPuspitasari, devi1 aDigital Operation Kelas XI aJakarta :bErlangga,c2025 aix + 318 hlm. ;c17,5 x 25 cm.